Presentation is vital (Record no. 138271)

MARC details
000 -LEADER
fixed length control field 01227ngm a2200301 a 4500
001 - CONTROL NUMBER
control field vtls003219342
003 - CONTROL NUMBER IDENTIFIER
control field MY-SjTCS
005 - DATE AND TIME OF LATEST TRANSACTION
control field 20200226114809.0
007 - PHYSICAL DESCRIPTION FIXED FIELD--GENERAL INFORMATION
fixed length control field vd cvacrs
008 - FIXED-LENGTH DATA ELEMENTS--GENERAL INFORMATION
fixed length control field 110627s2005 vra200 |00 vleng d
039 #9 - LEVEL OF BIBLIOGRAPHIC CONTROL AND CODING DETAIL [OBSOLETE]
Level of rules in bibliographic description 201108151017
Level of effort used to assign nonsubject heading access points wilmina
Level of effort used to assign subject headings 201107081434
Level of effort used to assign classification malathy
Level of effort used to assign subject headings 201107081434
Level of effort used to assign classification malathy
Level of effort used to assign subject headings 201107081433
Level of effort used to assign classification malathy
-- 201106271554
-- malathy
082 00 - DEWEY DECIMAL CLASSIFICATION NUMBER
Classification number 650.144
Item number PRE 2005
245 00 - TITLE STATEMENT
Title Presentation is vital
Medium [videorecording] :
Remainder of title job interview essentials
246 30 - VARYING FORM OF TITLE
Title proper/short title Job interview essentials
260 ## - PUBLICATION, DISTRIBUTION, ETC.
Place of publication, distribution, etc. Bendigo, Vic. :
Name of publisher, distributor, etc. Video Education Australasia,
Date of publication, distribution, etc. 2005.
300 ## - PHYSICAL DESCRIPTION
Extent 1 videodisc (21 min.) :
Other physical details sd., col. ;
Dimensions 4 3/4 in.
508 ## - CREATION/PRODUCTION CREDITS NOTE
Creation/production credits note Camera, Walter Repich, Richard Leigh, Leigh Tilson ; editor, Paul Sutherland.
511 ## - PARTICIPANT OR PERFORMER NOTE
Participant or performer note Voice over: Ellen Heyward.
520 ## - SUMMARY, ETC.
Summary, etc. This program takes viewers through examples of appropriate and inappropriate ways to dress and act at a job interview from a mature age perspective
538 ## - SYSTEM DETAILS NOTE
System details note DVD.
650 #0 - SUBJECT ADDED ENTRY--TOPICAL TERM
Topical term or geographic name entry element Employment interviewing.
650 #0 - SUBJECT ADDED ENTRY--TOPICAL TERM
Topical term or geographic name entry element Self-presentation.
9 (RLIN) 6379
700 1# - ADDED ENTRY--PERSONAL NAME
Personal name Leigh, Richard.
9 (RLIN) 22541
700 1# - ADDED ENTRY--PERSONAL NAME
Personal name Heyward, Ellen.
700 1# - ADDED ENTRY--PERSONAL NAME
Personal name Educational Film Services.
710 2# - ADDED ENTRY--CORPORATE NAME
Corporate name or jurisdiction name as entry element Video Education Australasia
9 (RLIN) 9578
920 ## - Programme
Programme SOC : 166440
Holdings
Withdrawn status Lost status Source of classification or shelving scheme Damaged status Not for loan Home library Current library Date acquired Total Checkouts Barcode Date last seen Copy number Koha item type Public note
    Dewey Decimal Classification     Taylor's Library-TU Taylor's Library-TU 15/07/2011   1000525800 05/12/2019 1 Media Resources SOMAC,09030,02,GR